00656cam a22002411 4500001001300000003000400013005001700017008004100034010001700075035002000092040001800112042001200130050001700142100003000159245003400189260001100223300001900234500001400253500005800267504003100325650004100356999001700397sa 66003575 DLC20260227112237.0891010s1965 ii b 000 0 hino  asa 66003575  a(OCoLC)20463427 aDLCcWaUdDLC apremarc00aPN1356b.K471 aKhare, Gaṇeśa,d1937-10aĀdhunika pragīta-kāvya. c[1965] a413 p.c25 cm. aIn Hindi. aA revision of the author's thesis, Saugar University. aBibliographical footnotes. 0aLyric poetryxHistory and criticism. c68966d68966